000 00672nam a2200277Ia 4500
005 20260324140357.0
008 008 260324s9999 xx 000 0 eng d
020 _a9781351141444
037 _aEBOOK
040 _aCRL
040 _beng
040 _cCRL
041 _2eng
041 _aeng
084 _qCRL
100 _aFiona Brookman; Lesley Noaks; Emma Wincup
_91204162
245 0 _aQualitative Research in Criminology (1999)
260 _bTaylor and Francis
260 _c1999
365 _a
365 _b170
856 _uhttp://www.taylorfrancis.com/books/9781351141444
942 _cEBOOK
999 _c1806184
_d1806184